000
00444nam a22001217a 4500
040
_c
HS
082
_a
657
100
_a
SAM GHANTHY
245
_a
Financial accounting part1
260
_a
វិទ្យាស្ថានសេដ្ឋកិច្ច និងហិរញ្ញវត្ថ្ នៃក្រសួងសេដ្ឋកិច្ច និងហិរញ្ញវត្ថុ
_b
SAM GHANTHY
_c
2000
300
_a
80p;
942
_c
KB
999
_c
8866
_d
8866